1737 1556 1892 1265 1247 1863 1352 1858 1229 1933 1359 1815 1802 1927 1154 1599 1405 1704 1968 1076 1002 1920 1998 1760 1961 1681 1843 1123 1824 1590 1260 1870 1344 1962 1542 1528 1978 1899 1224 1202 1350 1504 1378 1838 1678 1179 1616 1604 1622 1272 1603 1708 1247 1555 1263 1656 1641 1807 1787 1221 1071 1403 1450 1648 1572 1235 1721 1755 1548 1439 1068 1425 1254 1728 1876 1506 1349 1635 1917 1871 1203 1664 1048 1892 1729 1409 1425 1506 1065 1720 1182 1889 1135 1331 1806 1540 1308 1933 1622 BCNSPRNW ULIB Ver.6.0+V

เปลี่ยนเป็นภาษาไทย

Change to English
 แสดงรายละเอียดบรรณานุกรม
  กลับหน้าหลัก

Brief Record : Get Marc (ISO 2709) : E-mail record : QR code < ปิดหน้าต่าง
LEADER : 00000nam 2200000uu 4500
001    13399112178
003     ULIB
008    110729s2551||||th 000 0 tha d
020    9789747306248
050  4 HD37.T5^bช481ท 2551
100 0  ชาญชัย อาจินสมาจาร
245 10 ทฤษฎีการบริหารตามแนวคิดของปราชญ์ตะวันตก =^bTheories of administration /^cชาญชัย อาจินสมาจาร
246 31 Theories of administration
260    กรุงเทพฯ :^bปัญญาชน,^c2551
300    167 หน้า :^bภาพประกอบ ;^c21 ซม.
650  4 การบริหาร^xทฤษฎี
650  4 การบริหาร
945    ^p139^l0^i024951
945    ^p139^l0^i024952
995    ทศพร
999 ^a ทศพร
รายการนี้ยังไม่มีแท็ก
คุณยังไม่ได้ล็อกอิน คุณสามารถมีกิจกรรมร่วมกับเว็บไซต์ได้ แต่ต้องล็อกอินก่อน ::
  ล็อกอิน

รายการสื่อสารสนเทศ

ลำดับที่ ประเภท เลขเรียก/บาร์โค้ด สถานที่ สถานะ
1. การศึกษาทั่วไป
หนังสือสำรอง
สถานะ=หนังสือสำรอง
HD37.T5 ช481ท 2551 ฉ.1 
  Barcode: 024951
ห้องสมุดวิทยาเขตนครสวรรค์
►หนังสือทั่วไป:l:General Books
บนชั้น

รายการใกล้เคียง
    ผู้แต่ง [ชาญชัย อาจินสมาจาร]

    หัวเรื่อง [การบริหาร]

BibComment


ยังไม่เคยถูกคอมเมนท์

คอมเมนท์ทรัพยากรรายการนี้
  คอมเมนท์: ทฤษฎีการบริหารตาม..


 Copyright 2026. Bcnsprnw @Library